Statistiche per Tutti i Paesi Moderni Controllati dai Francesi

Clicka qui per fare il quiz!

Statistiche generali

  • Questo quiz è stato fatto 1.778 volte
  • Il punteggio medio è 102 su 120

Risposte nella Mappa

Le risposte nella mappa del quiz sottostante sono codificate secondo una scala di colori dal rosso al verde in base alla % di persone che hanno risposto correttamente.
 

Statistiche sulle risposte

Country% Corretto
Stati Uniti
98%
Messico
97%
Canada
96%
Francia
96%
Italia
96%
Argentina
95%
Portogallo
95%
Spagna
95%
Cile
94%
Germania
94%
Regno Unito
94%
Cuba
93%
Irlanda
93%
Marocco
93%
Norvegia
93%
Polonia
93%
Algeria
92%
Belgio
92%
Brasile
92%
Colombia
92%
Egitto
92%
Grecia
92%
India
92%
Madagascar
92%
Paesi Bassi
92%
Paraguay
92%
Perù
92%
Svezia
92%
Uruguay
92%
Venezuela
92%
Albania
91%
Andorra
91%
Austria
91%
Bielorussia
91%
Bolivia
91%
Città del Vaticano
91%
Estonia
91%
Lettonia
91%
Lituania
91%
Monaco
91%
San Marino
91%
Tunisia
91%
Turchia
91%
Ucraina
91%
Cina
90%
Croazia
90%
Panama
90%
Repubblica Ceca
90%
Romania
90%
Russia
90%
Slovenia
90%
Ungheria
90%
Ecuador
89%
Slovacchia
89%
Svizzera
89%
Bosnia ed Erzegovina
88%
Libia
88%
Liechtenstein
88%
Serbia
88%
Vietnam
88%
Filippine
87%
Lussemburgo
87%
Siria
87%
Cipro
86%
Guyana
86%
Haiti
86%
Niger
86%
Israele
85%
Repubblica del Congo
85%
Suriname
85%
Honduras
84%
Laos
84%
Repubblica Dominicana
84%
Australia
83%
Cambogia
83%
Ciad
83%
Kosovo
83%
Libano
83%
Senegal
83%
Sri Lanka
83%
Macedonia del Nord
82%
Mali
82%
Nicaragua
82%
Thailandia
82%
Costa Rica
81%
El Salvador
81%
Guatemala
81%
Malta
81%
Mauritania
81%
Taiwan
81%
Guinea
80%
Costa d'Avorio
78%
Nigeria
78%
Bulgaria
77%
Repubblica Centrafricana
77%
Bangladesh
76%
Togo
76%
Yemen
76%
Camerun
75%
Moldavia
75%
Giordania
74%
Seychelles
74%
Guinea Equatoriale
73%
Kenya
73%
Burkina Faso
72%
Santa Lucia
72%
Benin
71%
Dominica
71%
Mauritius
71%
Gabon
70%
Gibuti
70%
Gambia
69%
Antigua e Barbuda
67%
Comoros
67%
Saint Kitts e Nevis
66%
Saint Vincent e Grenadine
66%
Sao Tome e Principe
66%
Grenada
65%
Trinidad e Tobago
62%
Vanuatu
57%

Distribuzione punteggi

Percentile per numero di risposta

Percentuale di utenti per punteggio

I tuoi punteggi nel tempo

Non hai fatto questo quiz